Understanding space-time : the philosophical development of physics from Newton to Einstein /

Bibliographic Details
Main Author: Disalle, Robert
Format: Book
Language:English
Published: Cambridge, UK ; New York : Cambridge University Press, 2006.
Subjects:

MARC

Tag First Indicator Second Indicator Subfields
LEADER 00000cam a2200000 a 4500
001 in00002174530
005 20151104054259.0
008 050704s2006 enka b 001 0 eng
015 |a GBA601440  |2 bnb 
016 7 |a 013348526  |2 Uk 
020 |a 0521857902 (hbk.) 
024 3 |a 9780521857901 (hbk.) 
035 |a (OCoLC)ocm62475368 
040 |a UKM  |c UKM  |d BAKER  |d BWKUK  |d UtOrBLW 
049 |a TXAM 
050 4 |a QC173.59.S65  |b D57 2006 
082 0 4 |a 530.11  |2 22 
100 1 |a Disalle, Robert. 
245 1 0 |a Understanding space-time :  |b the philosophical development of physics from Newton to Einstein /  |c Robert DiSalle. 
264 1 |a Cambridge, UK ;  |a New York :  |b Cambridge University Press,  |c 2006. 
300 |a xiii, 173 pages :  |b illustrations ;  |c 24 cm. 
336 |a text  |b txt  |2 rdacontent 
337 |a unmediated  |b n  |2 rdamedia 
338 |a volume  |b nc  |2 rdacarrier 
504 |a Includes bibliographical references (pages 163-170) and index. 
650 0 |a Space and time  |x History. 
938 |a Baker & Taylor  |b BKTY  |c 75.00  |d 75.00  |i 0521857902  |n 0006490504  |s active 
945 |i PromptCat 
947 |a A14834130054 
948 |a cataloged  |b h  |c 2006/6/27  |d c  |e achopde  |f 12:18:30 pm 
994 |a 92  |b TXA 
999 |a MARS 
999 f f |s 55d0ac75-fb3e-3b95-ab7c-c1ea986ce95b  |i af6cf033-1a51-3745-b886-b9e7b39119b7  |t 0 
952 f f |p normal  |a Texas A&M University  |b College Station  |c Sterling C. Evans Library  |d Evans: Library Stacks  |t 0  |e QC173.59.S65 D57 2006  |h Library of Congress classification  |i unmediated -- volume  |m A14834130054 
998 f f |a QC173.59.S65 D57 2006  |t 0  |l Evans: Library Stacks